Euroregion Beskydy /

Other Authors: Velička, Jaroslav, 1954-
Language: Slovak
Polish
Czech
English
Published: Frýdek-Místek : Sdružení Region Beskydy, [2005?]
Physical Description: 17 s. : barev. il., mapa ; 30 cm
Language note: Souběžný anglický, polský a slovenský text
Book
Saved in:
LEADER 01285nam a2200373 a 4500
001 nkc20051583230
003 CZ PrNK
005 20060518132957.0
007 ta
008 050922s2005 xr ab g f 000 0 cze
015 |a cnb001583230 
020 |q (Brož.) 
040 |a BOA001  |b cze 
041 1 |a cze  |a eng  |a pol  |a slo 
043 |a e-xr---  |b e-xr-mr  |a e-pl---  |2 czenas 
072 7 |a 913(4)  |x Geografie Evropy, reálie, cestování  |2 Konspekt  |9 7 
080 |a 908(437.32-18)  |2 MRF 
080 |a 908(438)  |2 MRF 
080 |a 913(437.32-18)  |2 MRF 
080 |a 913(438)  |2 MRF 
080 |a (036)  |2 MRF 
245 0 0 |a Euroregion Beskydy /  |c [autoři fotografií Jaroslav Velička ... et al.] 
260 |a Frýdek-Místek :  |b Sdružení Region Beskydy,  |c [2005?] 
300 |a 17 s. :  |b barev. il., mapa ;  |c 30 cm 
500 |a Název z obálky 
546 |a Souběžný anglický, polský a slovenský text 
610 2 7 |a Euroregion Beskydy (sdružení)  |7 ko2006341918  |2 czenas 
655 7 |a informační publikace  |7 fd132454  |2 czenas 
700 1 |a Velička, Jaroslav,  |d 1954-  |7 jo2004213441  |4 pht 
910 2 |a BOA001  |b 4-1157.131 
990 |a BK 
995 |a 60 
991 |b 200510  |c NOV 
996 6 |b 2610261119  |c 4-1157.131  |l MZK  |r Sklad / do 1 hodiny  |n 2  |p p.v.  |w 000790507  |u 000010  |a 1  |e BOA001  |j MZK50  |s P